Στρατηγικές μάρκετινγκ λιμένων : πτυχιακή εργασία
Αποθηκεύτηκε σε:
| Κύριος συγγραφέας: | |
|---|---|
| Συγγραφή απο Οργανισμό/Αρχή: | |
| Μορφή: | Thesis Βιβλίο |
| Γλώσσα: | Greek |
| Δημοσίευση: |
2015.
|
| Θέματα: | |
| Ετικέτες: |
Προσθήκη ετικέτας
Δεν υπάρχουν, Καταχωρήστε ετικέτα πρώτοι!
|
MARC
| LEADER | 00000cam a2200000 a 4500 | ||
|---|---|---|---|
| 001 | 1/110509 | ||
| 008 | 160406s2015####gr | ||| |||| ||gre|| | ||
| 040 | |a GR-MyUa |b gre |c GR-MyUa |e AACR2 | ||
| 041 | 0 | |a gre | |
| 082 | 7 | |a 387.10688 |2 (23) | |
| 100 | 1 | |a Σιτέλη, Άρτεμις. | |
| 245 | 1 | 0 | |a Στρατηγικές μάρκετινγκ λιμένων : |b πτυχιακή εργασία / |c Σιτέλη Άρτεμις ; επιβλέπων καθηγητής Αθανάσιος Πάλλης. |
| 260 | |c 2015. | ||
| 300 | |a 56 σ. : |b διαγρ., πίν. ; |c 30 εκ. | ||
| 502 | |a Πτυχιακή εργασία - Πανεπιστήμιο Αιγαίου, Χίος, 2015. | ||
| 504 | |a Περιλαμβάνει βιβλιογραφία. | ||
| 506 | ? | |a ... |d ... | |
| 540 | |a ... | ||
| 650 | 0 | |a Harbors |x Marketing. | |
| 700 | 1 | |a Πάλλης, Αθανάσιος Α. |e dgs | |
| 710 | 1 | |a Πανεπιστήμιο Αιγαίου |b Σχολή Επιστημών της Διοίκησης |b Τμήμα Ναυτιλίας και Επιχειρηματικών Υπηρεσιών - Τ.Ν.Ε.Υ. | |
| 852 | |a INST |b CHIOS |c DIATR |e 20160406 |h 387.10688 ΣΙΤ |p 005200037246 |q 005200037246 |t DIE |y 23 | ||
| 924 | |a Σιτέλη |b Άρτεμις |y Χίος |z 2015-10 | ||
| 970 | |a Παροικάκη |b Βασιλική |z 06-04-2016 | ||